Littérature britannique - mort subite - Statistiques

Statistiques générales
  • Ce quiz a été pris 3 008 fois
  • Le résultat moyen est 5 sur 16
Answers on the Grid
Answers color-coded by a green-red scale on the quiz's grid according to % correct below.
Orgeuil et Préjugés
Charlie et la Chocolaterie
L'Étranger
Le Vieil Homme et la Mer
Les Contes de Canterbury
Ne tirez pas sur l'oiseau moqueur
Le Paradis perdu
L'Homme sans qualités
Faust
1984
Jane Eyre
Les Buddenbrook
Mrs Dalloway
Dracula
Ulysses
David Copperfield
Crime et Châtiment
Le Seigneur des anneaux
Le Meilleur des mondes
Gatsby le Magnifique
Moby-Dick
L'Idiot
Hamlet
Le Tambour
Les Aventures d'Alice au pays des merveilles
La Guerre des mondes
Othello
Les Raisins de la colère
Les Hauts de Hurlevent
Frankenstein
 
Statistiques - réponses
Réponse % Correct
Orgeuil et Préjugés
87%
Charlie et la Chocolaterie
56%
Jane Eyre
45%
Les Contes de Canterbury
38%
1984
37%
Hamlet
27%
Les Hauts de Hurlevent
24%
Mrs Dalloway
24%
Les Aventures d'Alice au pays des merveilles
22%
Othello
20%
Frankenstein
19%
David Copperfield
18%
Le Seigneur des anneaux
14%
Le Meilleur des mondes
8%
Le Paradis perdu
8%
La Guerre des mondes
6%
Aucun quiz correspondant
Distribution des résultats
% des personnes avec chaque résultat
Percentile par nombre de réponses
Votre historique - résultats
Vous n’avez pas pris ce quiz